000 006920000a22002530004500
020 _a8183210171
050 _a010
060 _a100
082 _a630.715 HIR
100 _aAngadi, JG
100 _aChandargi, DM
100 _aHanchinal, SN
100 _aHirevenukanagoudar, LV
100 _aManjunath, L
245 _aExtension strategies for human resource development
260 _aUdaipur, Agrotech publishing agency
260 _c2005
300 _a296
650 _aEntrepreneurial competencies
650 _aGlobalization human resource development
650 _aIndian agricultural strategies
650 _aInter personnal communication behaviour
942 _cBK
999 _c367733
_d367733